| 000 | 01446nam a22002655a 4500 | ||
|---|---|---|---|
| 003 | OSt | ||
| 005 | 20160828150427.0 | ||
| 008 | 160828s2010 ua frb 000 0 ara d | ||
| 015 | _a2009/20939 | ||
| 040 |
_aEG-ScBUE _bara _cEG-ScBUE |
||
| 043 | _af-ua--- | ||
| 082 | 0 | 4 |
_a346.6202 _bم ر ا _222 |
| 100 | 1 |
_aالمراسي، طارق _940939 |
|
| 245 | 1 | 0 |
_aقضاء النقض في الإيجارات : _bالأحكام والقواعد الصادرة من محكمة النقض عن الفترة من 1/1/2008 حتى 31/7/2009 / _cطارق المراسي. |
| 250 | _aط. 1. | ||
| 260 |
_aالقاهرة : _bدار الحقانية لخدمات الطباعة والتسويق والنشر، _c2010. |
||
| 300 |
_a920 ص. ؛ _c24 سم. |
||
| 505 | 0 | _a 1- القواعد العامة في الإيجارات -- 2- تشريعات إيجار وبيع الأماكن -- 3- أحكام وقواعد المرافعات في إيجار الأماكن -- 4- منطوق الأحكام الدستورية الخاصة بقانون إيجار وبيع الأماكن الصادرة بعدم الدستورية من تاريخ الإنشاء وحتى الآن. | |
| 650 | 7 |
_aالإيجارات _xقوانين وتشريعات _zمصر. _2BUEsh _940891 |
|
| 650 | 7 |
_aعقود الإيجار _zمصر. _2BUEsh _940893 |
|
| 650 | 7 |
_aالمالك والمستأجر _zمصر. _2BUEsh _940941 |
|
| 651 | _2BUEsh | ||
| 653 |
_bLLAAWW _cAugust 2016 |
||
| 942 | _2ddc | ||
| 999 |
_c22259 _d22231 |
||